[Event "ROM-ch U12"]
[Site "Calimanesti"]
[Date "2015.04.05"]
[Round "8"]
[White "Antal, Andrei"]
[Black "Tabara, Andrei Cristian"]
[Result "0-1"]
[WhiteElo "1191"]
[BlackElo "1444"]
[PlyCount "105"]
[EventDate "2015.03.30"]
[EventType "swiss"]
[EventRounds "9"]
[EventCountry "ROU"]
[SourceTitle "CBM 165 Extra"]
[Source "ChessBase"]
[SourceDate "2015.04.21"]
[SourceVersion "1"]
[SourceVersionDate "2015.04.21"]
[SourceQuality "1"]

1. b3 d5 2. Bb2 Nc6 3. e3 a6 4. f4 Bf5 5. Nf3 e6 6. h3 Nf6 7. g4 Be4 8. d3 Bxf3 9. Qxf3 h6 10. Bg2 Nd7 11. Rf1 Nb4 12. Rf2 Rg8 13. g5 Be7 14. Ba3 Nb6 15. Bxb4 Bxb4+ 16. c3 Be7 17. h4 Qd7 18. Qh5 hxg5 19. fxg5 g6 20. Qf3 Rg7 21. Nd2 0-0-0 22. c4 c6 23. d4 Rh7 24. c5 Na8 25. Rb1 Rf8 26. Qh3 Bxg5 27. Ke2 Rfh8 28. Rbf1 Bxh4 29. Rf3 Be1 30. Qg4 Bxd2 31. Kxd2 Nc7 32. Rb1 Rf8 33. a4 Qe7 34. Rb2 Qh4 35. Qxh4 Rxh4 36. Rb1 Kd7 37. Rbf1 Ke7 38. Bh3 f5 39. Rg1 Kf6 40. Ke2 Rfh8 41. Bg2 Kf7 42. Kf2 Ne8 43. Bf1 Rh2+ 44. Rg2 Rxg2+ 45. Kxg2 Nf6 46. Rh3 Rxh3 47. Kxh3 Ne4 48. Be2 Nc3 49. Bf3 Na2 50. Kh4 Nb4 51. Be2 Nc2 52. Bh5 gxh5 53. Kxh5 0-1

[Event "ROM-ch U12"]
[Site "Calimanesti"]
[Date "2015.04.02"]
[Round "4"]
[White "Stoian, Cristian Georgian"]
[Black "Tabara, Andrei Cristian"]
[Result "1-0"]
[WhiteElo "1777"]
[BlackElo "1444"]
[PlyCount "71"]
[EventDate "2015.03.30"]
[EventType "swiss"]
[EventRounds "9"]
[EventCountry "ROU"]
[SourceTitle "CBM 165 Extra"]
[Source "ChessBase"]
[SourceDate "2015.04.21"]
[SourceVersion "1"]
[SourceVersionDate "2015.04.21"]
[SourceQuality "1"]

1. e4 e5 2. Nf3 Nc6 3. c3 d6 4. Bc4 a6 5. d4 exd4 6. cxd4 Bg4 7. Qb3 Bh5 8. Qxb7 Na5 9. Qd5 Nxc4 10. Qxc4 Bxf3 11. Qc6+ Ke7 12. gxf3 Qe8 13. Qxc7+ Qd7 14. Qxd7+ Kxd7 15. Nc3 Rb8 16. b3 g6 17. Be3 Bg7 18. 0-0-0 Ne7 19. Kb2 Rb7 20. f4 Rhb8 21. f3 a5 22. Rhg1 Rb4 23. Kc2 f5 24. e5 Rc8 25. Kd3 Rb7 26. h4 Rd8 27. Ke2 Rc7 28. Rc1 dxe5 29. fxe5 Rdc8 30. Kd2 Ke6 31. Kd3 h5 32. Ne2 Rxc1 33. Rxc1 Rb8 34. Nf4+ Kf7 35. e6+ Ke8 36. Rg1 1-0

[Event "ROM-ch U10"]
[Site "Calimanesti"]
[Date "2014.04.09"]
[Round "4"]
[White "Bonciu, David"]
[Black "Tabara, Andrei Cristian"]
[Result "1-0"]
[WhiteElo "1581"]
[BlackElo "1310"]
[PlyCount "112"]
[EventDate "2014.04.06"]
[EventType "swiss"]
[EventRounds "9"]
[EventCountry "ROU"]
[SourceTitle "CBM 160 Extra"]
[Source "ChessBase"]
[SourceDate "2014.07.01"]
[SourceVersion "1"]
[SourceVersionDate "2014.07.01"]
[SourceQuality "1"]

1. e4 e5 2. Nf3 Nc6 3. Bc4 Bc5 4. c3 Nf6 5. d4 exd4 6. e5 d5 7. Bb5 Ne4 8. cxd4 Bd7 9. dxc5 Be6 10. 0-0 Nxc5 11. Nd4 Qd7 12. Nc3 a6 13. Bxc6 bxc6 14. Nxe6 fxe6 15. Be3 Nb7 16. f4 c5 17. Qf3 0-0 18. Bf2 Rf7 19. Qg4 Raf8 20. Bh4 d4 21. Ne4 h6 22. Nf6+ Rxf6 23. exf6 Rf7 24. Rfe1 d3 25. fxg7 d2 26. Rxe6 Rxg7 27. Qe2 Qd4+ 28. Bf2 Qd5 29. Re8+ Kh7 30. Qe4+ Qxe4 31. Rxe4 Rd7 32. Rd1 Na5 33. Bxc5 Kg6 34. Rd4 Rxd4 35. Bxd4 Nc4 36. Bc3 Kf5 37. Rxd2 Nxd2 38. Bxd2 h5 39. Kf2 c5 40. Kf3 c4 41. h3 h4 42. Be1 Kg6 43. Bxh4 Kh5 44. g3 Kg6 45. Bd8 Kh7 46. h4 Kh8 47. g4 a5 48. Bxa5 c3 49. Bxc3+ Kg8 50. a4 Kh7 51. h5 Kg8 52. f5 Kf7 53. b4 Kg8 54. b5 Kh7 55. b6 Kg8 56. b7 Kh7 1-0